00378nam a2200121 a 450000100100000000500170001000800410002704000250006808200160009324500240010926000790013330000440021200002742420200930030825.0110331s1999 dr ac 000 0 spa d aDO-SdBNPbspacBNPHU axxxxbC389m00aCEDAF memoria 1998. aSanto Domingo :bCentro para el Desarrollo Agropecuario y Forestal,c1999. a53 p. :bil., gráf., retrs. ;c27 cm.